[Event "Sparkassen-Open B"]
[Site "Heusenstamm, Martinsee"]
[Date "2022.11.18"]
[Round "2.1"]
[White "Gerhard, Dominik"]
[Black "Vranckx, Oscar"]
[Result "0-1"]
[WhiteElo "1593"]
[BlackElo "1629"]
[PlyCount "76"]
[EventDate "2022.??.??"]
[WhiteTeam "SV Oberursel"]
[BlackTeam "Sfr.Mainz 1928"]

1. c4 c5 2. Nf3 Nc6 3. d4 cxd4 4. Nxd4 Nf6 5. Nc3 e6 6. a3 Bc5 7. Nb3 Be7 8. e4
d6 9. Be2 O-O 10. O-O Nd7 11. Be3 b6 12. Rc1 Bb7 13. f4 f5 14. exf5 exf5 15.
Bf3 Rc8 16. Nd4 Nc5 17. b4 Nxd4 18. Bxd4 Ne4 19. Nd5 Bxd5 20. cxd5 Bf6 21. Qd3
Re8 22. Rxc8 Qxc8 23. Bxf6 Nxf6 24. Qb5 Qc3 25. Qc6 Qd4+ 26. Kh1 Qxf4 27. h3
Qe5 28. Qb7 Re7 29. Qb8+ Kf7 30. Rd1 Qc3 31. b5 Qxa3 32. Qc8 Nd7 33. Qc4 Qe3
34. Qh4 Nf6 35. Qg3 Qe5 36. Qh4 g6 37. Qc4 g5 38. Qc8 h5 0-1

[Event "Sparkassen-Open B"]
[Site "Heusenstamm, Martinsee"]
[Date "2022.11.18"]
[Round "2.3"]
[White "Billerbeck, Nick"]
[Black "Füssel, Jan Michael"]
[Result "1-0"]
[WhiteElo "1582"]
[BlackElo "1754"]
[PlyCount "33"]
[EventDate "2022.??.??"]
[WhiteTeam "SV Unterkochen"]
[BlackTeam "VSG 1880 Offenbach"]

1. e4 c5 2. Nc3 d6 3. f4 Nc6 4. Nf3 g6 5. Bc4 e6 6. O-O Bg7 7. d3 Nge7 8. Qe1
O-O 9. f5 exf5 10. Qh4 Ne5 11. Bg5 Re8 12. Nd5 Kf8 13. Qxh7 Nd7 14. Bh6 Nxd5
15. Qxg7+ Ke7 16. Bxd5 Ne5 17. Bg5+ 1-0

[Event "Sparkassen-Open B"]
[Site "Heusenstamm, Martinsee"]
[Date "2022.11.18"]
[Round "2.4"]
[White "Rotärmel, Leonie"]
[Black "Steinke, Hans-Jörg"]
[Result "0-1"]
[WhiteElo "1579"]
[BlackElo "1733"]
[PlyCount "62"]
[EventDate "2022.??.??"]
[WhiteTeam "SK Bad Homburg 1927"]
[BlackTeam "SV Erkenschwick"]

1. e4 e6 2. d4 d5 3. Nc3 Nf6 4. e5 Nfd7 5. f4 c5 6. Nf3 Nc6 7. Be3 cxd4 8. Bxd4
Nxd4 9. Nxd4 a6 10. a4 Qb6 11. Nb3 Bb4 12. Qd3 Nc5 13. Qd4 Nd7 14. Qxb6 Nxb6
15. a5 Nd7 16. Be2 Nc5 17. Nxc5 Bxc5 18. Nd1 Bd7 19. Nf2 Rc8 20. Bd3 O-O 21.
O-O f6 22. c3 fxe5 23. fxe5 Rf4 24. g3 Rf3 25. Kg2 Rcf8 26. Bxh7+ Kxh7 27. Nd3
Rxf1 28. Rxf1 Rxf1 29. Kxf1 Bb5 30. Ke2 Bxd3+ 31. Kxd3 Bg1 0-1

[Event "Sparkassen-Open B"]
[Site "Heusenstamm, Martinsee"]
[Date "2022.11.18"]
[Round "2.5"]
[White "Mandalka, Justus"]
[Black "Burow, Roger"]
[Result "1-0"]
[WhiteElo "1464"]
[BlackElo "1598"]
[PlyCount "47"]
[EventDate "2022.??.??"]
[WhiteTeam "SK Bad Homburg 1927"]
[BlackTeam "SV 1920 Kelsterbach"]

1. e4 e5 2. Nf3 Nc6 3. d4 d6 4. d5 Nce7 5. c4 Nf6 6. Nc3 Bg4 7. Be2 Ng6 8. h3
Bxf3 9. Bxf3 Be7 10. h4 h6 11. Be3 a6 12. g3 Qd7 13. a4 O-O-O 14. b4 Kb8 15. a5
c6 16. Be2 Rc8 17. Qb3 Bd8 18. b5 cxd5 19. cxd5 Rxc3 20. Qxc3 axb5 21. Qb4 Qe7
22. a6 b6 23. a7+ Ka8 24. Bxb5 1-0

[Event "Sparkassen-Open B"]
[Site "Heusenstamm, Martinsee"]
[Date "2022.11.18"]
[Round "2.6"]
[White "Kähm, Kevin"]
[Black "Schmid, Leon"]
[Result "0-1"]
[WhiteElo "1696"]
[BlackElo "1568"]
[PlyCount "72"]
[EventDate "2022.??.??"]
[WhiteTeam "SK Bischofsheim"]
[BlackTeam "Sfr.Heidesheim"]

1. f4 Nf6 2. Nf3 g6 3. b3 Bg7 4. Bb2 O-O 5. e3 d5 6. Be2 c5 7. O-O Nc6 8. h3
Re8 9. Bb5 Bd7 10. Bxc6 Bxc6 11. Ne5 Qc7 12. d4 cxd4 13. Bxd4 Bb5 14. Rf3 Ne4
15. a4 Ba6 16. b4 b6 17. b5 Bb7 18. c3 f6 19. Ng4 e5 20. fxe5 fxe5 21. Bxe5
Bxe5 22. Nh6+ Kh8 23. Nf7+ Kg7 24. Nd2 Re7 25. Nxe4 dxe4 26. Nxe5 exf3 27. Nxf3
Bxf3 28. Qxf3 Rf8 29. Qd5 Qxc3 30. Rd1 Qxe3+ 31. Kh1 Ref7 32. Qc4 Rf4 33. Qc7+
R8f7 34. Qd6 Rf1+ 35. Rxf1 Rxf1+ 36. Kh2 Qf4+ 0-1

[Event "Sparkassen-Open B"]
[Site "Heusenstamm, Martinsee"]
[Date "2022.11.18"]
[Round "2.7"]
[White "Kirchner, Stefan"]
[Black "Englert, Fred"]
[Result "0-1"]
[WhiteElo "1577"]
[BlackElo "1713"]
[PlyCount "74"]
[EventDate "2022.??.??"]
[WhiteTeam "SF Schöneck"]
[BlackTeam "SK Klingenberg"]

1. e4 c6 2. Nc3 d5 3. Nf3 dxe4 4. Nxe4 g6 5. d4 Bg7 6. Be3 Nd7 7. Qd2 Ngf6 8.
Nc3 Nd5 9. Bh6 Bxh6 10. Qxh6 Nxc3 11. Qg7 Rf8 12. bxc3 Qa5 13. Kd2 Nf6 14. Bd3
Nd5 15. Ng5 Qxc3+ 16. Ke2 Nf6 17. Ne4 Qxd4 18. Nxf6+ Qxf6 19. Qxf6 exf6 20.
Rhe1 Be6 21. Rab1 O-O-O 22. a3 Bd5 23. g3 Rfe8+ 24. Kd2 Kc7 25. a4 Re6 26. f4
f5 27. Kc3 Rde8 28. Red1 Bf3 29. Rd2 Re3 30. a5 Rd8 31. Ra1 Be4 32. Kc4 Rd6 33.
Ra3 Bd5+ 34. Kd4 Rf3 35. Ra1 Be6+ 36. Kc3 c5 37. Rf1 Rdxd3+ 0-1

[Event "Sparkassen-Open B"]
[Site "Heusenstamm, Martinsee"]
[Date "2022.11.18"]
[Round "2.8"]
[White "Bengsch, Norbert"]
[Black "Müller, Riyanna"]
[Result "0-1"]
[WhiteElo "1667"]
[BlackElo "1475"]
[PlyCount "74"]
[EventDate "2022.??.??"]
[WhiteTeam "SG Donautal Tuttlingen"]
[BlackTeam "SC Landskrone"]

1. e4 d5 2. exd5 Qxd5 3. Nc3 Qd6 4. d4 Nf6 5. Nf3 a6 6. Bg5 g6 7. Qd2 Bg7 8.
Be2 O-O 9. Bh6 Nc6 10. O-O-O Bf5 11. Bxg7 Kxg7 12. Nh4 Be6 13. d5 Nxd5 14. Nxd5
Bxd5 15. Bf3 Bxf3 16. Qxd6 exd6 17. Nxf3 Rfe8 18. Rhe1 h6 19. c3 Re6 20. Rxe6
fxe6 21. Nd4 Nxd4 22. cxd4 Rf8 23. f3 Rf5 24. Rd2 Rd5 25. Kc2 c5 26. Kc3 Rxd4
27. Rxd4 cxd4+ 28. Kxd4 Kf6 29. f4 g5 30. fxg5+ Kxg5 31. Ke4 d5+ 32. Ke3 e5 33.
b4 d4+ 34. Ke4 h5 35. a4 b6 36. b5 axb5 37. axb5 h4 0-1

[Event "Sparkassen-Open B"]
[Site "Heusenstamm, Martinsee"]
[Date "2022.11.18"]
[Round "2.9"]
[White "Sensoy, Emir"]
[Black "Jordake, Michael"]
[Result "0-1"]
[WhiteElo "1323"]
[BlackElo "1697"]
[PlyCount "114"]
[EventDate "2022.??.??"]
[WhiteTeam "MSA Zugzwang 82"]
[BlackTeam "SC Bergen-Enkheim 1922"]

1. e4 e5 2. Nf3 Nc6 3. Bc4 Nf6 4. d3 Bc5 5. c3 d5 6. exd5 Nxd5 7. Nbd2 O-O 8.
O-O Be6 9. Re1 Bg4 10. h3 Bh5 11. Ne4 Be7 12. Ng3 Bxf3 13. Qxf3 Nb6 14. Bb5 Bf6
15. Bxc6 bxc6 16. Nh5 Qd6 17. Bh6 Rfe8 18. Nxf6+ Qxf6 19. Qxf6 gxf6 20. f4 Nd7
21. fxe5 fxe5 22. Re3 Re6 23. Bg5 Rg6 24. Bh4 Re8 25. d4 e4 26. Rae1 f5 27. Rf1
Rf8 28. Bg3 Nb6 29. Bh2 Nd5 30. Re2 Rf7 31. c4 Nb4 32. a3 Nd3 33. Bf4 h5 34. b4
Nxf4 35. Rxf4 Rg3 36. Ra2 Kg7 37. c5 Rd3 38. Raf2 e3 39. Ra2 Kg6 40. Kf1 Kg5
41. Rf3 Re7 42. Ke2 Rb3 43. g3 Re4 44. Ra1 Rb2+ 45. Ke1 Rh2 46. Rd1 e2 47. h4+
Kg4 48. Rf4+ Rxf4 49. gxf4 exd1=Q+ 50. Kxd1 Kxf4 51. a4 Ke4 52. b5 Kxd4 53.
bxc6 Kd3 54. Kc1 f4 55. a5 f3 56. a6 f2 57. Kb1 f1=Q# 0-1

[Event "Sparkassen-Open B"]
[Site "Heusenstamm, Martinsee"]
[Date "2022.11.18"]
[Round "2.10"]
[White "Burlutskaia, Maria"]
[Black "Derr, Oleg"]
[Result "0-1"]
[WhiteElo "1522"]
[BlackElo "1497"]
[PlyCount "60"]
[EventDate "2022.??.??"]
[WhiteTeam "SG Porz"]
[BlackTeam "VSG 1880 Offenbach"]

1. e4 c6 2. c4 d5 3. exd5 cxd5 4. cxd5 Nf6 5. Qa4+ Nbd7 6. Nc3 g6 7. d4 Bg7 8.
Nf3 O-O 9. Qb3 Nb6 10. Be3 Bg4 11. Be2 Nfxd5 12. O-O Rc8 13. h3 Nxc3 14. bxc3
Be6 15. Qc2 Bc4 16. Bxc4 Rxc4 17. Qb3 Qc7 18. Rac1 Re8 19. Ng5 h6 20. Ne4 Rc6
21. Rc2 Nd7 22. Rfc1 Rb6 23. Qa3 e6 24. c4 f5 25. Nd2 f4 26. c5 Ra6 27. Qd3
fxe3 28. Ne4 Rf8 29. Nd6 exf2+ 30. Rxf2 Rxd6 0-1

[Event "Sparkassen-Open B"]
[Site "Heusenstamm, Martinsee"]
[Date "2022.11.18"]
[Round "2.11"]
[White "Sheng, Ming"]
[Black "Hofmann, Werner"]
[Result "1-0"]
[WhiteElo "1385"]
[BlackElo "1687"]
[PlyCount "73"]
[EventDate "2022.??.??"]
[WhiteTeam "SC Rochade Saarlouis 1993"]
[BlackTeam "SV 1920 Kelsterbach"]

1. e4 c6 2. Nc3 d5 3. Nf3 Bg4 4. h3 Bxf3 5. Qxf3 e6 6. d4 Nf6 7. Bg5 Be7 8.
O-O-O dxe4 9. Nxe4 Nxe4 10. Bxe7 Qxe7 11. Qxe4 Nd7 12. Qg4 O-O 13. Bc4 Nb6 14.
Bd3 h6 15. f4 c5 16. dxc5 Qxc5 17. Rhe1 Nd5 18. Re5 Qc7 19. a3 Rac8 20. Rde1
Nf6 21. Qf3 Rfd8 22. f5 Qd6 23. Kb1 Nd7 24. R5e3 exf5 25. Qxf5 Nf6 26. g4 Qd5
27. Re5 Qg2 28. R5e3 Qd5 29. Re5 Qg2 30. R1e3 Qh1+ 31. Ka2 Qc6 32. h4 Qd7 33.
g5 hxg5 34. hxg5 Qxf5 35. Bxf5 Nd7 36. Re7 Rc7 37. Rd3 1-0

[Event "Sparkassen-Open B"]
[Site "Heusenstamm, Martinsee"]
[Date "2022.11.18"]
[Round "2.12"]
[White "Rödel, Jannis"]
[Black "Bergner, Matthias"]
[Result "1-0"]
[WhiteElo "1451"]
[BlackElo "1574"]
[PlyCount "65"]
[EventDate "2022.??.??"]
[WhiteTeam "SVG CAISSA Kassel"]
[BlackTeam "SV 1926 Neu-Isenburg"]

1. c4 g6 2. g3 Bg7 3. Bg2 Nf6 4. Nc3 O-O 5. d3 c6 6. e4 d6 7. Nge2 e5 8. O-O
Be6 9. f4 exf4 10. gxf4 Qd7 11. Ng3 Bg4 12. Qe1 Na6 13. Nd1 Nh5 14. Ne3 Bd4 15.
Kh1 Nxg3+ 16. Qxg3 f5 17. h3 Bxe3 18. Bxe3 Bh5 19. exf5 Qxf5 20. Be4 Qf6 21. f5
Nc5 22. Bxc5 dxc5 23. fxg6 Qxf1+ 24. Rxf1 Rxf1+ 25. Kg2 Raf8 26. gxh7+ Kh8 27.
Qe5+ R1f6 28. Qxh5 Rf2+ 29. Kg3 R2f7 30. Qe5+ Rf6 31. h4 R8f7 32. Kg4 Kg7 33.
h5 1-0

[Event "Sparkassen-Open B"]
[Site "Heusenstamm, Martinsee"]
[Date "2022.11.18"]
[Round "2.13"]
[White "Gold, Jan Christian"]
[Black "Neininger, Sarah"]
[Result "1-0"]
[WhiteElo "1564"]
[BlackElo "1434"]
[PlyCount "53"]
[EventDate "2022.??.??"]
[WhiteTeam "SK Bad Homburg 1927"]
[BlackTeam "VSG 1880 Offenbach"]

1. d4 d5 2. c4 dxc4 3. e3 e6 4. Bxc4 a6 5. Nf3 Nc6 6. O-O Nf6 7. Re1 Be7 8. a4
O-O 9. Nc3 Re8 10. e4 Bb4 11. Bg5 h6 12. Bh4 Be7 13. Re2 b6 14. d5 exd5 15.
exd5 Na5 16. Ba2 Bg4 17. Qd3 Nb7 18. Rae1 Nd6 19. Re5 b5 20. Bb1 g6 21. Nd4 Bd7
22. Qg3 Kh7 23. Ne6 Qc8 24. Nxc7 Qxc7 25. Rxe7 Rxe7 26. Bxg6+ Kh8 27. Bxf6+ 1-0

[Event "Sparkassen-Open B"]
[Site "Heusenstamm, Martinsee"]
[Date "2022.11.18"]
[Round "2.14"]
[White "Deboer, Alex"]
[Black "Michalski, Uwe"]
[Result "1-0"]
[WhiteElo "1206"]
[BlackElo "1671"]
[PlyCount "53"]
[EventDate "2022.??.??"]
[WhiteTeam "SK Bickenbach"]
[BlackTeam "Sfr.Mainz 1928"]

1. e4 e5 2. Nc3 Bc5 3. f4 Bxg1 4. Rxg1 exf4 5. Qg4 Nf6 6. Qxg7 Rg8 7. Qh6 f3 8.
Qf4 d6 9. Qxf3 Bg4 10. Qf2 Qe7 11. d3 Nc6 12. h3 Be6 13. Be3 d5 14. Bc5 Qd7 15.
Qxf6 b6 16. Ba3 d4 17. Ne2 a5 18. Nf4 b5 19. Bc5 b4 20. Nh5 a4 21. Ng7+ Rxg7
22. Qxg7 O-O-O 23. b3 Bxb3 24. axb3 Kb7 25. Kd2 Qe8 26. g4 Ra8 27. Bg2 1-0

[Event "Sparkassen-Open B"]
[Site "Heusenstamm, Martinsee"]
[Date "2022.11.18"]
[Round "2.15"]
[White "Wibmer, Michael"]
[Black "Repac, Nicola"]
[Result "0-1"]
[WhiteElo "1670"]
[BlackElo "1457"]
[PlyCount "126"]
[EventDate "2022.??.??"]
[WhiteTeam "SV Gifhorn"]
[BlackTeam "SV KS 1929 Großauheim"]

1. e4 Nc6 2. Nf3 e6 3. d4 d5 4. e5 b6 5. c3 Bb7 6. Bd3 Be7 7. O-O g5 8. Be3 g4
9. Ne1 h5 10. Nc2 Qd7 11. Qe2 O-O-O 12. a4 a5 13. Bb5 f5 14. b4 Rf8 15. f4 gxf3
16. Rxf3 Nh6 17. Nd2 Ng4 18. Bf4 Qd8 19. Bxc6 Bxc6 20. bxa5 bxa5 21. Qa6+ Kd7
22. Qxa5 Qa8 23. Qxa8 Rxa8 24. a5 Nh6 25. Nb4 Bb5 26. Nb3 Bc4 27. Nd2 Bb5 28.
Rg3 c5 29. Nc2 Nf7 30. Rg7 Rhf8 31. Kf2 Bd3 32. Ne1 Bb5 33. Nef3 Nd8 34. Rh7
Nc6 35. Rxh5 Nxa5 36. Rh7 Nc6 37. Rxa8 Rxa8 38. Ke3 Ra3 39. Nb1 Rb3 40. Nfd2
cxd4+ 41. Kf2 Rxc3 42. Nxc3 dxc3 43. Nb3 d4 44. Ke1 d3 45. h4 Ke8 46. h5 Ba4
47. Rh8+ Kf7 48. Rc8 Bb4 49. Bd2 cxd2+ 50. Nxd2 Nxe5 51. Rc7+ Kg8 52. Rc8+ Kg7
53. Ra8 Bc6 54. Ra7+ Kh6 55. Ra6 Kxh5 56. Kd1 Bxd2 57. Kxd2 Kg4 58. Ke3 f4+ 59.
Kf2 Kf5 60. Ra7 Ng4+ 61. Ke1 Bxg2 62. Kd2 Be4 63. Ra5+ e5 0-1

[Event "Sparkassen-Open B"]
[Site "Heusenstamm, Martinsee"]
[Date "2022.11.18"]
[Round "2.16"]
[White "Fettig, Konrad"]
[Black "Reitz, Helmut"]
[Result "0-1"]
[WhiteElo "1528"]
[BlackElo "1656"]
[PlyCount "40"]
[EventDate "2022.??.??"]
[WhiteTeam "SC ML Kastellaun"]
[BlackTeam "SV Würzburg von 1865"]

1. e4 e5 2. Nf3 d6 3. d4 Bg4 4. dxe5 Nd7 5. exd6 Bxd6 6. Be2 Ngf6 7. Nc3 Qe7 8.
Bg5 h6 9. Nd5 Qxe4 10. Bxf6 gxf6 11. Ne3 O-O-O 12. Qd2 Nb6 13. h3 Bb4 14. c3
Rxd2 15. Kxd2 Rd8+ 16. Kc1 Bc5 17. Nd2 Bxe3 18. Bxg4+ Kb8 19. fxe3 Qxe3 20. Rd1
Nc4 0-1

[Event "Sparkassen-Open B"]
[Site "Heusenstamm, Martinsee"]
[Date "2022.11.18"]
[Round "2.17"]
[White "Raghavan, Badrinarayanan"]
[Black "Papadopoulos, Leon"]
[Result "1/2-1/2"]
[WhiteElo "1667"]
[BlackElo "1399"]
[PlyCount "76"]
[EventDate "2022.??.??"]
[WhiteTeam "SK 1858 Gießen"]
[BlackTeam "SV Oberursel"]

1. e4 e5 2. Nf3 Nc6 3. Bc4 Bc5 4. c3 Nf6 5. d4 exd4 6. cxd4 Bb4+ 7. Nc3 Nxe4 8.
O-O Bxc3 9. bxc3 d5 10. Re1 O-O 11. Bd3 Bf5 12. Qb3 Na5 13. Qb4 c6 14. Ne5 f6
15. Nf3 Nd6 16. Bf4 Bxd3 17. Bxd6 Rf7 18. Re3 Be4 19. Nd2 Bg6 20. Rae1 Rd7 21.
Bg3 Qb6 22. Re7 Rxe7 23. Rxe7 Qxb4 24. cxb4 Nc4 25. Nxc4 dxc4 26. Rxb7 Re8 27.
Rb8 Rxb8 28. Bxb8 Bb1 29. Kf1 a6 30. a3 Kf7 31. Ke2 Ke6 32. Bf4 Kd5 33. Be3 c3
34. Kd1 Kc4 35. Kc1 Bd3 36. Kd1 g6 37. h4 Kb3 38. Bc1 Kc4 1/2-1/2

[Event "Sparkassen-Open B"]
[Site "Heusenstamm, Martinsee"]
[Date "2022.11.18"]
[Round "2.18"]
[White "Mohr, Alwin"]
[Black "Schneider, Udo"]
[Result "1/2-1/2"]
[WhiteElo "1494"]
[BlackElo "1667"]
[PlyCount "68"]
[EventDate "2022.??.??"]
[WhiteTeam "SV Oberursel"]
[BlackTeam "SK Marburg 1931/72"]

1. e4 c5 2. Nf3 d6 3. d4 cxd4 4. Nxd4 Nf6 5. Nc3 g6 6. a4 Bg7 7. f3 a6 8. a5
Qc7 9. Be3 Nc6 10. Qd2 Nxa5 11. Kf2 Nc4 12. Bxc4 Qxc4 13. h4 h5 14. Ncb5 Bd7
15. b3 Qc8 16. Na3 O-O 17. Nc4 Qc7 18. Rac1 b5 19. Nb2 Rfc8 20. c4 Qb7 21. Rhd1
bxc4 22. Nxc4 Bb5 23. Nxb5 axb5 24. Nb6 Rxc1 25. Rxc1 Ra6 26. Nc8 Kf8 27. e5
Ne8 28. exd6 Nxd6 29. Bf4 Qd7 30. Nxd6 exd6 31. Rd1 Ke7 32. Re1+ Kf8 33. Rd1
Ke7 34. Re1+ Kf8 1/2-1/2

[Event "Sparkassen-Open B"]
[Site "Heusenstamm, Martinsee"]
[Date "2022.11.18"]
[Round "2.19"]
[White "Spelleken, Mark"]
[Black "Karres, David Tobias"]
[Result "1/2-1/2"]
[WhiteElo "1520"]
[BlackElo "1370"]
[PlyCount "76"]
[EventDate "2022.??.??"]
[WhiteTeam "SC Kahl"]
[BlackTeam "SF Heidelberg"]

1. d4 Nf6 2. Nf3 d5 3. e3 e6 4. c4 Bb4+ 5. Nbd2 O-O 6. Bd3 b6 7. a3 Bd6 8. O-O
c5 9. dxc5 Bxc5 10. cxd5 Nxd5 11. b4 Nxe3 12. Qe2 Nxf1 13. Nxf1 Be7 14. Be4 Nc6
15. Bxc6 Rb8 16. Bf4 Bd6 17. Rd1 Bxf4 18. Rxd8 Rxd8 19. Qe4 Bc1 20. b5 a6 21.
a4 Bb2 22. Qf4 Bb7 23. Bxb7 Rxb7 24. bxa6 Ra7 25. Qb4 Bf6 26. Qxb6 Rda8 27. g3
Rxa6 28. Qb7 Rxa4 29. Kg2 Ra2 30. N1d2 Rd8 31. Nc4 h6 32. Qe4 Ra4 33. Qc6 Ra2
34. Nd6 Ra7 35. Ne4 Ba1 36. h4 Rda8 37. Nfd2 Bd4 38. Kh3 Rd8 1/2-1/2

[Event "Sparkassen-Open B"]
[Site "Heusenstamm, Martinsee"]
[Date "2022.11.18"]
[Round "2.20"]
[White "Mammadov, Kamal"]
[Black "Pichl, Christoph"]
[Result "1/2-1/2"]
[WhiteElo "1481"]
[BlackElo "1643"]
[PlyCount "88"]
[EventDate "2022.??.??"]
[WhiteTeam "SC Aschaffenburg"]
[BlackTeam "SK Bad Homburg 1927"]

1. Nf3 d5 2. g3 Nf6 3. d3 g6 4. Nbd2 Bg7 5. Bg2 c5 6. O-O O-O 7. e4 Nc6 8. Re1
Re8 9. Qe2 e6 10. Nf1 b6 11. e5 Nd7 12. Bf4 Bb7 13. h4 f6 14. exf6 Bxf6 15. Bg5
Bxg5 16. Nxg5 Nd4 17. Qd2 e5 18. Ne3 Nf6 19. c3 Ne6 20. Rad1 Qc7 21. Nf1 Rad8
22. Nxe6 Rxe6 23. Qg5 Kg7 24. Nh2 h6 25. Qc1 Rde8 26. Bh3 R6e7 27. Ng4 Nxg4 28.
Bxg4 d4 29. Kh2 Qc6 30. Bh3 Rf7 31. Rd2 Qd5 32. c4 Qd6 33. Bg2 Bc8 34. Bh3 Bxh3
35. Kxh3 Rf3 36. Re4 Ref8 37. Qe1 R3f5 38. Rde2 Re8 39. f4 h5 40. Rxe5 Rfxe5
41. Rxe5 Rxe5 42. Qxe5+ Qxe5 43. fxe5 Kf7 44. g4 Ke6 1/2-1/2

[Event "Sparkassen-Open B"]
[Site "Heusenstamm, Martinsee"]
[Date "2022.11.18"]
[Round "2.21"]
[White "Jansen, Malte"]
[Black "Kessler, Georg"]
[Result "1/2-1/2"]
[WhiteElo "1396"]
[BlackElo "1627"]
[PlyCount "125"]
[EventDate "2022.??.??"]
[WhiteTeam "SJ Herborn 1998"]
[BlackTeam "SC Sulzbach-Rosenberg"]

1. e4 e5 2. Nf3 Nf6 3. Nxe5 d6 4. Nf3 Nxe4 5. Qe2 Qe7 6. d3 Nf6 7. Bg5 Qxe2+ 8.
Bxe2 Be7 9. Nc3 c6 10. O-O-O O-O 11. Rhe1 Re8 12. Nd4 Na6 13. Bf3 Bd7 14. Re2
d5 15. Rde1 Bc5 16. Bxf6 gxf6 17. Rxe8+ Rxe8 18. Rxe8+ Bxe8 19. Nce2 Nc7 20.
Bg4 b6 21. c3 Kf8 22. b4 Be7 23. Kc2 c5 24. Nf5 Bd7 25. bxc5 bxc5 26. Ne3 Be6
27. Nf4 Bd6 28. Nxe6+ fxe6 29. g3 Ke7 30. Bf3 Nb5 31. a4 Nc7 32. c4 d4 33. Nd1
a5 34. Be2 Ne8 35. f4 e5 36. fxe5 fxe5 37. Nf2 Ng7 38. Bg4 Ne8 39. Kd2 Nc7 40.
Ne4 h6 41. Bd1 Ne8 42. Bf3 Ng7 43. g4 Ne6 44. h4 Kd7 45. g5 hxg5 46. hxg5 Bf8
47. Bg4 Ke7 48. Bxe6 Kxe6 49. Ke2 Kf5 50. Kf3 Be7 51. Kg3 Bxg5 52. Nxc5 Be7 53.
Ne4 Bd8 54. Nc5 Be7 55. Ne4 Bf8 56. Kf3 Bb4 57. c5 Ke6 58. Kg4 Kd5 59. Kf5 Bc3
60. Kf6 Bb4 61. c6 Kxc6 62. Kxe5 Bc3 63. Ke6 1/2-1/2

[Event "Sparkassen-Open B"]
[Site "Heusenstamm, Martinsee"]
[Date "2022.11.18"]
[Round "2.22"]
[White "Shanawaz Thabrez, Shahzaib"]
[Black "Althaus, Lennart"]
[Result "0-1"]
[WhiteElo "1159"]
[BlackElo "1600"]
[PlyCount "46"]
[EventDate "2022.??.??"]
[WhiteTeam "SK Langen"]
[BlackTeam "TV-Großostheim"]

1. e4 c6 2. d4 d5 3. Nc3 dxe4 4. Nxe4 Bf5 5. Ng3 Bg6 6. Be3 e6 7. Bd3 Nf6 8. c4
Bb4+ 9. Ke2 Nbd7 10. a3 Ba5 11. b4 Bc7 12. Nf3 e5 13. Bxg6 hxg6 14. Nxe5 Nxe5
15. dxe5 Bxe5 16. Rb1 Qc7 17. Qc2 Ng4 18. Ne4 Nxe3 19. Kxe3 O-O-O 20. g3 Bd4+
21. Kf3 Qe5 22. Nd2 Qf6+ 23. Kg2 Qxf2# 0-1

[Event "Sparkassen-Open B"]
[Site "Heusenstamm, Martinsee"]
[Date "2022.11.18"]
[Round "2.23"]
[White "Englert, Lin"]
[Black "Pradeep, Harshill"]
[Result "0-1"]
[WhiteElo "1466"]
[BlackElo "1320"]
[PlyCount "46"]
[EventDate "2022.??.??"]
[WhiteTeam "TV-Großostheim"]
[BlackTeam "SK Bickenbach"]

1. d4 Nf6 2. c4 e5 3. dxe5 Ne4 4. Nf3 b6 5. Qd5 Bb7 6. Qxb7 Nc6 7. Qa6 Bb4+ 8.
Bd2 Nc5 9. Qb5 Bxd2+ 10. Nbxd2 a6 11. Qxc5 bxc5 12. e3 Nb4 13. Kd1 O-O 14. a3
Nc6 15. Bd3 d6 16. exd6 Qxd6 17. Be4 Rad8 18. Ke2 Ne5 19. Ng5 Qxd2+ 20. Kf1 Ng4
21. Nh3 Rfe8 22. Bf3 Ne5 23. Bb7 Qxb2 0-1

[Event "Sparkassen-Open B"]
[Site "Heusenstamm, Martinsee"]
[Date "2022.11.18"]
[Round "2.24"]
[White "Fernandez Garcia, Alfonso Javier"]
[Black "Matsoukas, Konstantinos"]
[Result "1-0"]
[WhiteElo "1610"]
[BlackElo "1108"]
[PlyCount "149"]
[EventDate "2022.??.??"]
[WhiteTeam "SV 1926 Neu-Isenburg"]
[BlackTeam "Frankfurter TV 1860"]

1. e4 e6 2. d4 d5 3. Nd2 Nf6 4. Bd3 c5 5. c3 Nc6 6. Ngf3 Qb6 7. dxc5 Bxc5 8.
O-O dxe4 9. Nxe4 Nxe4 10. Bxe4 O-O 11. Qe2 Rd8 12. Bf4 Bd6 13. Bxd6 Rxd6 14.
Bc2 Qa5 15. Rfe1 b6 16. Nd2 Rd7 17. Nb3 Qg5 18. Qe4 Bb7 19. Qxh7+ Kf8 20. Be4
Qh6 21. Qxh6 gxh6 22. Rad1 Rad8 23. Rxd7 Rxd7 24. f4 Ne7 25. Bxb7 Rxb7 26. Rd1
Nf5 27. Rd8+ Ke7 28. Rh8 Rd7 29. Kf2 a5 30. a4 Rd8 31. Rxd8 Kxd8 32. g4 Nd6 33.
Nd4 Nc4 34. b3 Nd2 35. Ke2 Ne4 36. Kd3 Nf2+ 37. Kc4 Nxg4 38. Nf3 Ne3+ 39. Kb5
Kc7 40. Nd4 Nd5 41. Ne2 Kb7 42. Kc4 Kc6 43. Kd4 Kd6 44. c4 Nf6 45. Ng3 Ng4 46.
Ne4+ Ke7 47. h3 Nf6 48. Ng3 Nd7 49. Ne4 f5 50. Nd2 Nc5 51. Ke3 h5 52. Kd4 Kd6
53. h4 Kd7 54. Kc3 Na6 55. Nf1 Nc5 56. Ng3 Ne4+ 57. Nxe4 fxe4 58. Kd4 Kd6 59.
Kxe4 Kc5 60. Ke5 Kb4 61. Kxe6 Kxb3 62. Kd5 Kxa4 63. f5 Kb3 64. f6 a4 65. f7 a3
66. f8=Q a2 67. Qf1 Kb2 68. Kc6 a1=Q 69. Qxa1+ Kxa1 70. Kxb6 Kb2 71. c5 Kc3 72.
c6 Kd4 73. c7 Ke4 74. c8=Q Kf4 75. Qd8 1-0

[Event "Sparkassen-Open B"]
[Site "Heusenstamm, Martinsee"]
[Date "2022.11.18"]
[Round "2.26"]
[White "Gräßer, Malte"]
[Black "Gärtner, David"]
[Result "1-0"]
[WhiteElo "1605"]
[BlackElo "1116"]
[PlyCount "83"]
[EventDate "2022.??.??"]
[WhiteTeam "Sfr.Heidesheim"]
[BlackTeam "Sfr.Mainz 1928"]

1. e4 e6 2. d4 d5 3. e5 c5 4. c3 Nc6 5. Nf3 Qb6 6. a3 c4 7. Be2 Na5 8. Nbd2 Bd7
9. O-O Ne7 10. Rb1 Rc8 11. Qe1 Ba4 12. Bd1 Bxd1 13. Qxd1 Qb5 14. Qc2 Qd7 15.
Re1 Nf5 16. Nf1 Be7 17. Ne3 Nxe3 18. Bxe3 Nb3 19. Bg5 Bxg5 20. Nxg5 h6 21. Nh7
Qa4 22. Rbd1 Nc5 23. Qb1 Nd3 24. Rxd3 cxd3 25. Qxd3 Qc4 26. Qb1 Rc6 27. Re3 Rb6
28. b4 Qa6 29. Rg3 g6 30. Nf6+ Ke7 31. Qc1 Rc6 32. Ng4 h5 33. Qg5+ Kd7 34. Nf6+
Kc7 35. Qc1 Qa4 36. h3 Rc8 37. Rf3 Kb6 38. Nd7+ Kc7 39. Rxf7 Qb5 40. Nc5+ Kd8
41. Qg5+ Ke8 42. Qe7# 1-0

[Event "Sparkassen-Open B"]
[Site "Heusenstamm, Martinsee"]
[Date "2022.11.18"]
[Round "2.28"]
[White "Fettig, Michel"]
[Black "Bigott, Martin"]
[Result "0-1"]
[WhiteElo "1403"]
[BlackElo "1772"]
[PlyCount "56"]
[EventDate "2022.??.??"]
[WhiteTeam "SC ML Kastellaun"]
[BlackTeam "SK Köln-Südwest"]

1. c4 c6 2. g3 d5 3. cxd5 cxd5 4. Bg2 Nf6 5. d4 Nc6 6. Nc3 Bf5 7. Bf4 e6 8. a3
Qb6 9. e3 Qxb2 10. Nge2 Bxa3 11. O-O Be7 12. Na4 Qc2 13. Qxc2 Bxc2 14. Nb6 Rd8
15. Na4 Bd3 16. Bf3 O-O 17. Rfd1 Be4 18. Bxe4 Nxe4 19. f3 Nd6 20. Nc5 b6 21.
Bxd6 Rxd6 22. Nb3 Rd7 23. h4 Nb4 24. Kf2 Rc8 25. Rac1 Rxc1 26. Nexc1 Rc7 27.
Rd2 a5 28. Ke1 a4 0-1

[Event "Sparkassen-Open B"]
[Site "Heusenstamm, Martinsee"]
[Date "2022.11.18"]
[Round "2.29"]
[White "Huck, Robert"]
[Black "Leichum, Engelbert"]
[Result "1-0"]
[WhiteElo "1782"]
[BlackElo "1559"]
[PlyCount "89"]
[EventDate "2022.??.??"]
[WhiteTeam "SC Königsspringer Alzenau"]
[BlackTeam "vereinslos"]

1. e4 e5 2. Nf3 Nf6 3. Nxe5 Nc6 4. Nxc6 dxc6 5. d3 Bc5 6. Be2 h5 7. h3 Be6 8.
c3 Bb6 9. Bg5 Qd7 10. Bxf6 gxf6 11. Bxh5 O-O-O 12. Na3 Qe7 13. Qe2 Qc5 14. Bg4
Bxg4 15. Qxg4+ Kb8 16. d4 Qe7 17. O-O-O c5 18. Nc4 cxd4 19. Nxb6 cxb6 20. Qf4+
Ka8 21. Rxd4 Rc8 22. Qd6 Qe8 23. Qxf6 b5 24. Rhd1 a6 25. f3 Qf8 26. Rd6 b4 27.
Rxa6+ bxa6 28. Qxa6+ Kb8 29. Qb5+ Ka8 30. Qa6+ Kb8 31. Rd6 Qxd6 32. Qxd6+ Kb7
33. Qxb4+ Ka7 34. Qe7+ Kb8 35. Qxf7 Rhd8 36. e5 Rc7 37. Qf4 Re8 38. Qe4 Rd7 39.
f4 Red8 40. e6 Rd1+ 41. Kc2 R8d2+ 42. Kb3 Rg1 43. e7 Rf1 44. e8=Q+ Kc7 45.
Q4c6# 1-0